Statistics for Cities in the Johto and Kanto Pokémon Regions on a Map

Click here to take the quiz!

General Stats

  • This quiz has been taken 636 times
  • The average score is 29 of 48

Answers on the Map

Answers color-coded by a green-red scale on the quiz's map according to % correct below.
 

Answer Stats

Answer% Correct
Pallet Town
77%
New Bark Town
71%
Cinnabar Island
70%
Goldenrod City
70%
Lake of Rage
70%
Indigo Plateau
69%
Pewter City
69%
Viridian City
69%
Lavender Town
68%
Seafom Islands
68%
Cerulean Cave
67%
Fuchsia City
66%
Mt. Silver
66%
Olivine's Lighthouse
66%
Blackthorn City
65%
Ecruteak City
65%
Ilex Forest
65%
Mt. Moon
65%
Olivine City
65%
Azalea Town
64%
Saffron City
64%
Burned Tower
63%
Celadon City
63%
Cherrygrove City
63%
Mahogany Town
63%
Slowpoke Well
63%
Vermilion City
63%
Whirl Islands
63%
Bell Tower
62%
Cerulean City
62%
Dragon's Den
62%
Viridian Forest
62%
Cianwood City
60%
Victory Road
60%
Diglett's Cave
59%
Ruins of Alph
59%
Violet City
58%
Sprout Tower
55%
National Park
54%
Tohjo Falls
53%
Battle Frontier
52%
Dark Cave
50%
Rock Tunnel
49%
Mt. Mortar
48%
Safari Zone
48%
Kanto Power Plant
47%
Union Cave
46%
Pal Park
39%

Score Distribution

Percentile by Number Answered

Percent of People with Each Score

Your Score History

You have not taken this quiz